000
00310nam a2200121 a 4500
005
20140414131923.0
008
101026s19uu xx 00 eng d
050
_a
ER
_b
T71 1995
100
_a
245
_a
A treasury of classic stories.
260
_b
Ladybird,
_c
1995.
_a
Leicestershire, UK :
999
_c
111872
_d
111872